Sociálne zabezpečenie

Salvato in:
Dettagli Bibliografici
Autore principale: Rievajová, Eva
Ente Autore: Ekonomická univerzita v Bratislave. Národohospodárska fakulta
Altri autori: Husáková, Mária, Ošková, Silvia, 1979-, Pechová, Michaela, 1977-, Wolfová, Darina
Natura: Libro
Lingua:slovacco
Pubblicazione: Bratislava Sprint vfra 2006
Soggetti:
Tags: Aggiungi Tag
Nessun Tag, puoi essere il primo ad aggiungerne!!

MARC

LEADER 00000nam$a2200000$$$4500
001 0040999
005 20240502071509.8
020 |a 80-89085-62-8 
041 0 |a slo 
044 |a SK 
245 1 0 |a Sociálne zabezpečenie  |c Eva Rievajová a kolektív 
264 1 |a Bratislava  |b Sprint vfra  |c 2006 
300 |a 272 s. 
610 2 0 |a zabezpečenie sociálne 
610 2 0 |a nástroje politiky sociálnej 
610 2 0 |a poistenie sociálne 
610 2 0 |a poisťovne sociálne 
610 2 0 |a poistenie nemocenské 
610 2 0 |a dávky dôchodkové 
610 2 0 |a systémy dôchodkové 
610 2 0 |a fondy penzijné 
610 2 0 |a porovnanie medzinárodné 
610 2 0 |a poistenie úrazové 
610 2 0 |a poistenie v nezamestnanosti 
610 2 0 |a poistenie garančné 
610 2 0 |a podpory 
610 2 0 |a minimum existenčné 
610 2 0 |a pomoc sociálna 
100 1 |a Rievajová, Eva 
700 1 |a Husáková, Mária 
700 1 |a Ošková, Silvia, 1979- 
700 1 |a Pechová, Michaela, 1977- 
700 1 |a Wolfová, Darina 
710 2 |a Ekonomická univerzita v Bratislave. Národohospodárska fakulta